00735 2200241 4500001002100000005001500021035002000036007000300056008004100059020002200100082001100122084001700133100001800150245011000168250001000278260004000288300002100328650003100349700001900380700002900399505005300428990001200481INLIS00000000001684720240725105623 a0010-0724000013ta240725 g 0 ind  a978-979-592-460-9 a297.73 a297.73 SAA a0 aSA'AD, Riyadh1 aAgar Anak Mencintai Al-Qur'an /cSa'ad Riyadh; penerjemah, Yasir Maqosid; editor, HM.Yasir Abdul Muthalib acet.1 aJakarta :bPustaka Al-Kutsar,c2008 a118 hlm ;c21 cm 4aPENDIDIKAN ISLAM-AL QUR'AN0 aYASIR, Maqosid0 aYASIR, Abdul Muthalib.HM aJudul asli; Kaifa Nuhabbib Al-Qur'an Li Abna'ina a12067 a